Volatile silicon compounds.

Bibliographic Details
Main Author: Ebsworth, E. A. V.
Format: Book
Language:English
Published: Oxford, New York : Pergamon Press, 1963.
Series:International series of monographs on inorganic chemistry, v.4
Subjects:

MARC

Tag First Indicator Second Indicator Subfields
LEADER 00000cam a2200000 4500
001 in00000043219
005 20151007070921.0
008 730129s1963 enka b 00000 eng u
010 |a  61018237  
035 |a (OCoLC)00546525 
035 |9 AAE4961AM 
040 |c WSU  |d TXA  |d UtOrBLW 
049 |a TXAM  |c [369311] 
050 0 |a QD181.S6  |b E3 1963 
092 |a 546.683  |b E16v, 1963 
100 1 |a Ebsworth, E. A. V. 
245 1 0 |a Volatile silicon compounds. 
264 1 |a Oxford,  |a New York :  |b Pergamon Press,  |c 1963. 
300 |a 179 pages :  |b illustrations ;  |c 24 cm. 
336 |a text  |b txt  |2 rdacontent 
337 |a unmediated  |b n  |2 rdamedia 
338 |a volume  |b nc  |2 rdacarrier 
490 0 |a International series of monographs on inorganic chemistry, v.4 
504 |a Includes bibliography. 
650 0 |a Silicon compounds. 
999 |a MARS 
999 f f |s 3da93ae9-dc8d-32a1-9714-d5a5d82a50ff  |i ad221b0d-f061-3116-85fc-26f59d417f70  |t 0 
952 f f |p ric  |a Texas A&M University  |b Rellis Campus  |c Joint Library Facility  |d Remote Storage  |t 0  |e QD181.S6 E3 1963  |h Library of Congress classification  |i unmediated -- volume  |m A14800942356 
998 f f |a QD181.S6 E3 1963  |t 0  |l Remote Storage